Library Banner

Energy [instructor's supplement] (Record no. 53863)

MARC details
000 -LEADER
fixed length control field 00509nam a2200181Ia 4500
001 - CONTROL NUMBER
control field 56550
008 - FIXED-LENGTH DATA ELEMENTS--GENERAL INFORMATION
fixed length control field 140506s9999 xx 000 0 und d
020 ## - INTERNATIONAL STANDARD BOOK NUMBER
International Standard Book Number NA
040 ## - CATALOGING SOURCE
Transcribing agency PK-LaUMT
082 ## - DEWEY DECIMAL CLASSIFICATION NUMBER
Classification number MAL 333.79
Item number ROU-E
100 ## - MAIN ENTRY--PERSONAL NAME
Personal name Rouse, Robert S.
245 ## - TITLE STATEMENT
Title Energy [instructor's supplement]
Remainder of title resource slave pollutant
Statement of responsibility, etc Rouse, Robert S.<>Smith, Robert O.
260 ## - PUBLICATION, DISTRIBUTION, ETC. (IMPRINT)
Place of publication, distribution, etc New York,USA:
Name of publisher, distributor, etc Macmillan Publishing Company,
Date of publication, distribution, etc 1975
300 ## - PHYSICAL DESCRIPTION
Extent 113 p.
546 ## - LANGUAGE NOTE
Language note EN
700 ## - ADDED ENTRY--PERSONAL NAME
Personal name Smith, Robert O.
942 ## - ADDED ENTRY ELEMENTS (KOHA)
Koha item type Books
Holdings
Withdrawn status Lost status Damaged status Not for loan Home library Current library Date acquired Total Checkouts Full call number Barcode Date last seen Price effective from Koha item type
        UMT Main Campus UMT Main Campus 2014-05-06   MAL 333.79 ROU-E 75146 2014-05-08 2014-05-08 Books